Aivanhô :
Aivanhô là tiểu thuyết nổi tiếng nhất của Scốt. Tác giả đã dựa vào một bi kịch cũ, ít giá trị, là Rơnơmiđơ của Lôgan nhưng thay hẳn cốt truyện và lồng vào một chủ đề mới...
Сохранить в:
| Главный автор: | |
|---|---|
| Формат: | |
| Язык: | Undetermined |
| Опубликовано: |
Hà Nội
Văn học
2010
|
| Предметы: | |
| Метки: |
Добавить метку
Нет меток, Требуется 1-ая метка записи!
|
| Thư viện lưu trữ: | Trung tâm Học liệu Trường Đại học Cần Thơ |
|---|
| LEADER | 00919nam a2200205Ia 4500 | ||
|---|---|---|---|
| 001 | CTU_175061 | ||
| 008 | 210402s9999 xx 000 0 und d | ||
| 020 | |c 102000 | ||
| 082 | |a 823.7 | ||
| 082 | |b S425 | ||
| 100 | |a Scott, Walter | ||
| 245 | 0 | |a Aivanhô : | |
| 245 | 0 | |c Walter Scott ; Trần Kiêm (Dịch và giới thiệu) | |
| 260 | |a Hà Nội | ||
| 260 | |b Văn học | ||
| 260 | |c 2010 | ||
| 520 | |a Aivanhô là tiểu thuyết nổi tiếng nhất của Scốt. Tác giả đã dựa vào một bi kịch cũ, ít giá trị, là Rơnơmiđơ của Lôgan nhưng thay hẳn cốt truyện và lồng vào một chủ đề mới... | ||
| 650 | |a Knights and knighthood,Historical fiction,Hiệp sĩ và kỵ sĩ,Tiểu thuyết lịch sử | ||
| 904 | |i Hằng Ni, Năm | ||
| 980 | |a Trung tâm Học liệu Trường Đại học Cần Thơ | ||